The North offers the best chance for young buyers to get on the housing ladder (Record no. 83428)

MARC details
000 -LEADER
fixed length control field 00955cad a22002055a 4500
001 - CONTROL NUMBER
control field L153956
008 - FIXED-LENGTH DATA ELEMENTS--GENERAL INFORMATION
fixed length control field 110927e20110924xxk 000 0 eng d
035 ## - SYSTEM CONTROL NUMBER
System control number (Sirsi) u153956
041 0# - LANGUAGE CODE
Language code of text/sound track or separate title eng
110 2# - MAIN ENTRY--CORPORATE NAME
Corporate name or jurisdiction name as entry element Halifax
9 (RLIN) 5942
245 04 - TITLE STATEMENT
Title The North offers the best chance for young buyers to get on the housing ladder
Medium [electronic resource]
260 ## - PUBLICATION, DISTRIBUTION, ETC.
Date of publication, distribution, etc. 2011
490 ## - SERIES STATEMENT
Series statement Halifax Press Release
Volume/sequential designation 24 September 2011
520 ## - SUMMARY, ETC.
Summary, etc. Results of research undertaken by Halifax looking at the average age of first time buyers reveals that the average age in some areas of the North is up to 10 years below the average in the South. The national average age is 29.
590 ## - LOCAL NOTE (RLIN)
Local note KA
651 #4 - SUBJECT ADDED ENTRY--GEOGRAPHIC NAME
Geographic name United Kingdom
Chronological subdivision
690 ## - LOCAL SUBJECT ADDED ENTRY--TOPICAL TERM (OCLC, RLIN)
Topical term or geographic name as entry element PROPERTY-RESIDENTIAL PROPERTY-RESIDENTIAL PROPERTY MARKET
856 40 - ELECTRONIC LOCATION AND ACCESS
Uniform Resource Identifier <a href="https://www.lloydsbankinggroup.com/media/pdfs/halifax/2011/240911_The_North_FTB.pdf">https://www.lloydsbankinggroup.com/media/pdfs/halifax/2011/240911_The_North_FTB.pdf</a>
Public note View this item free of charge at www.lloydsbankinggroup.com
942 ## - ADDED ENTRY ELEMENTS (KOHA)
Suppress in OPAC 0
Holdings
Withdrawn status Lost status Source of classification or shelving scheme Damaged status Not for loan Home library Current library Shelving location Date acquired Total Checkouts Full call number Barcode Date last seen Copy number Price effective from Koha item type
    Dewey Decimal Classification     Virtual Virtual Online 27/09/2011   ONLINE PUBLICATION 153956-2001 06/08/2019 1 06/08/2019 Journal article